000 00877nam a2200253Ia 4500
003 OSt
005 20220927105653.0
006 a|||||r|||| 00| 0
007 ta
008 220926b |||||||| |||| 00| 0 eng d
024 _a194641
037 _cReference Collections
040 _aRTL
_cRTL
_beng
041 _2eng
_aeng
082 _a"X9(J451):51.2, Q0/Th"
100 _aChatterjee Sushmita
_9374142
245 0 _aIndia's tea economy
_b Interlinkages and market integration.
260 _aDelhi
_bUniversity of Delhi
_c2010
300 _a"viii, 196p Bibliography: P 183-96"
_ccm.
490 _a"Thesis, University of Delhi, Economics (Deptt. of-). University of Delhi, Economics (Deptt. of-), Thesis"
500 _aNote: Acc. from CRL
942 _h"X9(J451):51.2, Q0/Th"
_cCC
999 _c693836
_d693836